| 000 | 00829cam a2200289 4500 | ||
|---|---|---|---|
| 001 | 1542597 | ||
| 003 | ARRUPE | ||
| 005 | 20150911103108.0 | ||
| 008 | 700225s1969 enka b 001 0 eng | ||
| 010 | _a 71441791 //r84 | ||
| 015 | _aB69-24578 | ||
| 020 | _a0198750110 | ||
| 035 | _a(OCoLC)ocm00057529 | ||
| 035 | _a(NNC)1542597 | ||
| 040 |
_aDLC _cDLC _dUKM _dZCU |
||
| 050 | 0 |
_aQA9 _b.H53 |
|
| 082 | _a510/.01 | ||
| 245 | 1 | 4 |
_aThe philosophy of mathematics. _cEdited by Jaako Hintikka. |
| 260 |
_aLondon, _bOxford U.P., _c1969. |
||
| 300 |
_a186 p. _c21 cm. |
||
| 440 |
_aOxford readings in philosophy _913542 |
||
| 650 | 0 |
_aMathematics _xPhilosophy. _xAddresses. _919456 |
|
| 700 |
_aHintikka, Jaakko, _eed. _919822 |
||
| 830 | 0 |
_aOxford readings in philosophy. _913542 |
|
| 942 |
_2lcc _cMONOGRAPH |
||
| 999 |
_c123279 _d123279 |
||